=LDR 00000nam 2200000 4500 =001 INLIS000000000018247 =005 20130612113429 =008 ***********************************Ind** =035 ##$$0010-061300000018247 =041 ##$$a Ind =082 ##$$a 635.934 598 =090 ##$$a 635.934 598, Lem l =245 ##$$a Anggrek Indonesia, Lembaga Biologi Nasional-LIPI =260 ##$$a 1976 $b Bogor =300 ##$$a 236 hlm, 21 cm =650 ##$$a Anggrek =850 ##$$a NBPNMAT